书目信息 |
| 题名: |
落马官员双规手记
|
|
| 作者: | 梁麦秋 著 | |
| 分册: | ||
| 出版信息: | 北京 中国检察出版社 2011.1 |
|
| 页数: | 12,306页 | |
| 开本: | 24cm | |
| 丛书名: | ||
| 单 册: | ||
| 中图分类: | I253.1 , D924.392.5 , D924.393.5 | |
| 科图分类: | ||
| 主题词: | 纪实文学--作品集--中国--当代 , 贪污贿赂罪--案例--中国 , 渎职罪--案例--中国 | |
| 电子资源: | ||
| ISBN: | 978-7-5102-0334-3 | |
| 000 | 01101nam0 2200289 45 | |
| 001 | 512 | |
| 005 | 20120601102820.06 | |
| 010 | @a978-7-5102-0334-3@dCNY33.00 | |
| 100 | @a20120328d2011 em y0chiy50 ea | |
| 101 | 0 | @achi |
| 102 | @aCN@b110000 | |
| 105 | @ay z 000yy | |
| 106 | @ar | |
| 200 | 1 | @a落马官员双规手记@ALuo Ma Guan Yuan Shuang Gui Shou Ji@e到了“双规”才明白的事儿@EDao Liao“ Shuang Gui” Cai Ming Bai De Shi Er@f梁麦秋著@FLiang Mai Qiu Zhu |
| 210 | @a北京@c中国检察出版社@d2011.1 | |
| 215 | @a12,306页@c照片@d24cm | |
| 330 | @a本书是一部落马官员的官场笔记,道出了多少世态炎凉。包括“我要那么多钱干什么”、“一切从不满足开始”、“贪婪让我耗尽生命”、“一定要杜绝第一次”等章节。 | |
| 517 | 1 | @a到了“双规”才明白的事儿@ADao Liao“ Shuang Gui” Cai Ming Bai De Shi Er |
| 606 | 0 | @a纪实文学@x作品集@y中国@z当代 |
| 606 | 0 | @a贪污贿赂罪@x案例@y中国 |
| 606 | 0 | @a渎职罪@x案例@y中国 |
| 690 | @aI253.1@v4 | |
| 690 | @aD924.392.5@v4 | |
| 690 | @aD924.393.5@v4 | |
| 701 | 0 | @a梁麦秋@ALiang Mai Qiu@4著 |
| 801 | 0 | @aCN@bTSTCL@c20120328 |
| 905 | @b0811680-84@dI253.1@e812@f5 | |
| 落马官员双规手记:到了“双规”才明白的事儿/梁麦秋著.-北京:中国检察出版社,2011.1 |
| 12,306页:照片;24cm |
| ISBN 978-7-5102-0334-3:CNY33.00 |
| 本书是一部落马官员的官场笔记,道出了多少世态炎凉。包括“我要那么多钱干什么”、“一切从不满足开始”、“贪婪让我耗尽生命”、“一定要杜绝第一次”等章节。 |
| ● |
| 相关链接 |
|
|
|
|
正题名:落马官员双规手记
索取号:I253.1/812
 
预约/预借
| 序号 | 登录号 | 条形码 | 馆藏地/架位号 | 状态 | 备注 |
| 1 | 0811680 | 208116803 | 第一样本阅览室/ [索取号:I253.1/812] | 在馆 | |
| 2 | 0811681 | 208116812 | 第二借阅区/ [索取号:I253.1/812] | 在馆 | |
| 3 | 0811682 | 208116821 | 第二借阅区/ [索取号:I253.1/812] | 在馆 | |
| 4 | 0811683 | 208116830 | 第二借阅区/ [索取号:I253.1/812] | 在馆 | |
| 5 | 0811684 | 208116849 | 第二借阅区/ [索取号:I253.1/812] | 在馆 |